Statistics for Harry Potter By Letter - F

Click here to take the quiz!

General Stats

  • This quiz has been taken 83 times
  • The average score is 14 of 16

Answer Stats

HintAnswer% Correct
George Weasley's twin brother.Fred Weasley
100%
Beauxbatons student and Triwizard champion.Fleur Delacour
99%
Magical powder used for travelling. Connects fireplaces of nearly every wizarding household and building.Floo Powder
99%
Charms proffesor at Hogwarts. He is a goblin.Filius Flitwick
97%
Three-headed dog acquired by Hagrid, and guardian of the Philosopher's Stone.Fluffy
97%
Hagrid's dog.Fang
95%
Dumbledore’s loyal phoenix.Fawkes
95%
Fastest and best model of broomstick in the world.Firebolt
93%
Forest on the grounds of Hogwarts.The Forbidden Forest
93%
Werewolf that is Voldemort supporter.Fenrir Greyback
90%
Centaur who resides in the Forbidden Forest at Hogwarts.Firenze
90%
Father of Neville Longbottom.Frank Longbottom
90%
Rare potion that gives you good luck.Felix Felicis
74%
The adventures of Newt Scamander, from New York, to London, to Paris.Fantastic Beasts and Where to Find Them
68%
A book shop for wizards, located in Diagon Alley.Flourish and Blotts
63%
A spell for shattering glass.Finestra
8%

Score Distribution

Percentile by Number Answered

Percent of People with Each Score

Your Score History

You have not taken this quiz